| 000 | 00616nam a22001937a 4500 | ||
|---|---|---|---|
| 999 |
_c1145 _d1145 |
||
| 001 | 12791 | ||
| 003 | BD-DhUAP | ||
| 005 | 20200203122151.0 | ||
| 008 | 200203s1991 bg b 000 0 ben | ||
| 040 |
_aBD-DhUAP _cBD-DhUAP _dBD-DhUAP _bEng |
||
| 082 | 0 | 0 |
_223 _a347.5492 PAT |
| 100 | _aPatwari, A. B. M. Mafizul Islam. | ||
| 245 | 1 | 0 |
_aLegal system of Bangladesh / _cA. B. M. Mafizul Islam Patwari. |
| 260 |
_aDhaka, Bangladesh : _bHumanist and Ethical Association of Bangladesh, _c1991. |
||
| 300 |
_axvi, 144 pages ; _c22 cm. |
||
| 650 | 0 |
_aLaw _zBangladesh. |
|
| 650 | 0 |
_aLaw _zBangladesh _xHistory. |
|
| 942 |
_2ddc _cBK |
||